Statistiques concernant Pokemon jusque Sinnoh

Cliquez ici pour prendre le quiz!

Statistiques générales

  • Ce quiz a été pris 6 fois
  • Le résultat moyen est 359 sur 488

Statistiques - réponses

Hint Answer % Correct
196Mentali
100%
197Noctali
100%
195Maraiste
100%
174Toudoudou
100%
162Fouinar
100%
172Pichu
100%
198Cornebre
100%
200Feuforeve
100%
250Ho-Oh
100%
252Arcko
100%
006Dracaufeu
100%
238Lippouti
100%
227Airmure
100%
161Fouinette
100%
156Feurisson
100%
124Lippoutou
100%
129Magicarpe
100%
119Poissoroy
100%
118Poissirene
100%
075Gravalanch
100%
076Grolem
100%
130Leviator
100%
133Evoli
100%
154Meganium
100%
155Hericendre
100%
136Pyroli
100%
135Voltali
100%
134Aquali
100%
253Massko
100%
254Jungko
100%
412Cheniti
100%
413Cheniselle
100%
385Jirachi
100%
384Rayquaza
100%
367Serpang
100%
368Rosabyss
100%
420Ceribou
100%
421Ceriflor
100%
437Archeodong
100%
442Spiritomb
100%
436Archeomire
100%
430Corboss
100%
429Magireve
100%
366Coquiperl
100%
350Milobellus
100%
265Chenipotte
100%
266Armulys
100%
258Gobou
100%
257Brasegali
100%
255Poussifeu
100%
267Charmillon
100%
268Blindalys
100%
313Muciole
100%
314Lumivole
100%
312Negapi
100%
311Posipi
100%
269Papinox
100%
074Racaillou
100%
249Lugia
100%
012Papilusion
100%
007Carapuce
100%
025Pikachu
100%
009Tortank
100%
008Carabaffe
100%
039Rondoudou
100%
014Coconfort
100%
040Grodoudou
100%
300Skitty
80%
301Delcatty
80%
022Rapasdepic
80%
023Abo
80%
024Arbok
80%
294Ramboum
80%
287Parecool
80%
282Gardevoir
80%
281Kirlia
80%
288Vigoroth
80%
289Monaflemit
80%
315Roselia
80%
293Chuchmur
80%
295Brouhabam
80%
324Chartor
80%
357Tropius
80%
356Téraclope
80%
355Skelénox
80%
359Absol
80%
361Stalgamin
80%
364Phogleur
80%
363Obalie
80%
362Oniglali
80%
353Polichombr
80%
352Kecleon
80%
331Cacnea
80%
327Spinda
80%
322Chamallot
80%
332Cacturne
80%
336Seviper
80%
021Piafabec
80%
349Barpau
80%
341Ecrapince
80%
317Avaltout
80%
026Raichu
80%
246Embrylex
80%
245Suicune
80%
244Entei
80%
247Ymphect
80%
248Tyranocif
80%
251Celebi
80%
037Goupix
80%
038Feunard
80%
243Raikou
80%
242Leuphorie
80%
234Cerfrousse
80%
229Demolosse
80%
228Malosse
80%
237Kapoera
80%
239Elekid
80%
241Ecremeuh
80%
240Magby
80%
036Mélodelfe
80%
035Mélofée
80%
030Nidorina
80%
264Lineon
80%
263Zigzaton
80%
029Nidoran
80%
365Kaimorse
80%
065Alakazam
80%
278Goelise
80%
262Grahyena
80%
261Medhyena
80%
256Galifeu
80%
033Nidorino
80%
034Nidoking
80%
032Nidoran
80%
031Nidoqueen
80%
260Laggron
80%
259Flobio
80%
280Tarsal
80%
377Regirock
80%
445Carchacrok
80%
444Carmache
80%
443Griknot
80%
446Goinfrex
80%
455Vortente
80%
458Babimanta
80%
457Lumineon
80%
456Ecayon
80%
440Ptiravi
80%
439Mime Jr.
80%
425Baudrive
80%
013Aspicot
80%
417Pachirisu
80%
426Grodrive
80%
011Chrysacier
80%
438Manzai
80%
010Chenipan
80%
459Blizzi
80%
460Blizzaroi
80%
488Cresselia
80%
486Regigigas
80%
484Palkia
80%
490Manaphy
80%
491Darkrai
80%
493Arceus
80%
492Shaymin
80%
483Dialga
80%
479Motisma
80%
468Togekiss
80%
466Elekable
80%
462Magnezone
80%
470Phyllali
80%
471Givrali
80%
478Momartik
80%
475Gallame
80%
416Apireine
80%
415Apitrini
80%
390Ouisticram
80%
389Torterra
80%
388Boskara
80%
391Chimpenfeu
80%
392Simiabraz
80%
395Pingoleon
80%
394Prinplouf
80%
393Tiplouf
80%
387Tortipouss
80%
016Roucool
80%
378Regice
80%
226Demanta
80%
370Lovdisc
80%
379Registeel
80%
382Kyogre
80%
017Roucoups
80%
383Groudon
80%
396Etourmi
80%
397Etourvol
80%
409Charkos
80%
408Kranidos
80%
407Roserade
80%
410Dinoclier
80%
411Bastiodon
80%
414Papilord
80%
015Dardargnan
80%
406Rozbouton
80%
405Luxray
80%
400Castorno
80%
399Keunotor
80%
398Etouraptor
80%
401Crikzik
80%
402Melokrik
80%
404Luxio
80%
403Lixy
80%
018Roucarnage
80%
279Bekipan
80%
057Colossinge
80%
157Typhlosion
80%
061Tetarte
80%
058Caninos
80%
048Mimitoss
80%
126Magmar
80%
158Kaiminus
80%
101Electrode
80%
163Hoothoot
80%
056Ferosinge
80%
189Cotovol
80%
053Persian
80%
191Tournegrin
80%
188Floravol
80%
185Simularbre
80%
087Lamantine
80%
165Coxy
80%
182Joliflor
80%
181Pharamp
80%
160Aligatueur
80%
095Onix
80%
175Togepi
80%
100Voltorbe
80%
122M. Mime
80%
049Aeromite
80%
060Ptitard
80%
173Melo
80%
176Togetic
80%
094Ectoplasma
80%
125Elektek
80%
179Wattouat
80%
180Lainergie
80%
059Arcanin
80%
092Fantominus
80%
093Spectrum
80%
159Crocrodil
80%
192Heliatronc
80%
082Magneton
80%
109Smogo
80%
063Abra
80%
064Kadabra
80%
148Draco
80%
149Dracolosse
80%
062Tartard
80%
139Amonistar
80%
140Kabuto
80%
141Kabutops
80%
147Minidraco
80%
110Smogogo
80%
068Mackogneur
80%
067Machopeur
80%
066Machoc
80%
143Ronflex
80%
166Coxyclaque
80%
169Nostenfer
80%
164Noarfang
80%
113Leveinard
80%
077Ponyta
80%
078Galopa
80%
042Nosferalto
80%
041Nosferapti
80%
043Mystherbe
80%
044Ortide
80%
194Axoloto
80%
045Rafflesia
80%
081Magneti
80%
201Zarbi
80%
138Amonita
80%
052Miaouss
80%
153Macronium
80%
208Steelix
80%
152Germignon
80%
107Tygnon
80%
114Saquedeneu
60%
116Hypotrempe
60%
120Stari
60%
115Kangourex
60%
117Hypocean
60%
055Akwakwak
60%
375Métang
60%
376Metalosse
60%
380Latias
60%
374Terhal
60%
373Drattak
60%
371Draby
60%
372Drackhaus
60%
381Latios
60%
137Porygon
60%
128Tauros
60%
127Scarabrute
60%
123Insecateur
60%
131Lokhlass
60%
132Metamorph
60%
054Psykokwak
60%
386Deoxys
60%
121Staross
60%
435Moufflair
60%
080Flagadoss
60%
465Bouldeneu
60%
467Maganon
60%
079Ramoloss
60%
469Yanmega
60%
463Coudlangue
60%
461Dimoret
60%
086Otaria
60%
454Coatox
60%
085Dodrio
60%
084Doduo
60%
083Canarticho
60%
472Scorvol
60%
473Mammochon
60%
487Giratina
60%
071Empiflor
60%
070Boustiflor
60%
489Phione
60%
069Chetiflor
60%
485Heatran
60%
482Crefadet
60%
474Porygon-Z
60%
476Tarinorme
60%
477Noctunoir
60%
480Crehelf
60%
453Cradopaud
60%
452Drascore
60%
431Chaglam
60%
424Capidextre
60%
432Chaffreux
60%
433Korillon
60%
434Moufouette
60%
423Tritosor
60%
422Sancoki
60%
108Excelangue
60%
111Rhinocorne
60%
106Kicklee
60%
105Ossatueur
60%
104Osselait
60%
142Ptera
60%
097Hypnomade
60%
448Lucario
60%
447Riolu
60%
449Hippopotas
60%
450Hippodocus
60%
451Rapion
60%
088Tadmorv
60%
089Grotadmorv
60%
096Soporifik
60%
441Pijako
60%
091Crustabri
60%
090Kokiyas
60%
112Rhinoferos
60%
151Mew
60%
276Nirondelle
60%
275Tengalice
60%
277Heledelle
60%
178Xatu
60%
283Arakdo
60%
274Pifeuil
60%
273Grainipiot
60%
183Marill
60%
027Sabelette
60%
270Nenupiot
60%
271Lombre
60%
272Ludicolo
60%
284Maskadra
60%
285Balignon
60%
296Makuhita
60%
047Parasect
60%
297Hariyama
60%
369Relicanth
60%
299Tarinor
60%
046Paras
60%
292Munja
60%
286Chapignon
60%
177Natu
60%
290Ningale
60%
291Ninjask
60%
028Sablaireau
60%
184Azumarill
60%
232Donphan
60%
231Phanpy
60%
233Porygon 2
60%
214Scarhino
60%
235Queulorior
60%
230Hyporoi
60%
215Farfuret
60%
221Cochignon
60%
220Marcacrin
60%
223Remoraid
60%
224Octillery
60%
225Cadoizo
60%
236Debugant
60%
213Caratroc
60%
193Yanma
60%
199Roigada
60%
190Capumain
60%
187Granivol
60%
186Tarpaud
60%
202Qulbutoke
60%
203Girafarig
60%
212Cizayox
60%
207Scorplane
60%
205Foretress
60%
204Pomdepik
60%
302Tenefix
60%
298Azurill
60%
342Colhomard
60%
340Barbicha
60%
343Balbuto
60%
344Kaorine
60%
346Vacilys
60%
345Lilia
60%
339Barloche
60%
338Solaroc
60%
330Libégon
60%
329Vibraninf
60%
333Tylton
60%
334Altaria
60%
335Mangriff
60%
347Anorith
60%
348Armaldo
60%
145Electhor
60%
146Sulfura
60%
144Artikodin
60%
020Rattatac
60%
019Rattata
60%
360Okeoke
60%
358Eoko
60%
051Triopikeur
60%
050Taupiqueur
60%
351Morpheo
60%
354Branette
60%
150Mewtwo
60%
328Kraknoix
60%
337Seleroc
60%
308Charmina
60%
309Dynavolt
60%
310Elecsprint
60%
307Meditikka
60%
326Groret
60%
303Mysdibule
60%
304Galekid
60%
305Galegon
60%
168Migalos
60%
306Galeking
60%
321Wailord
60%
320Wailmer
60%
167Mimigal
60%
319Sharpedo
60%
325Spoink
60%
323Camerupt
60%
316Gloupti
60%
318Carvanha
60%
217Ursaring
40%
072Tentacool
40%
073Tentacruel
40%
218Limagma
40%
216Teddiursa
40%
099Krabboss
40%
171Lanturn
40%
222Corayon
40%
427Laporeille
40%
428Lockpin
40%
098Krabby
40%
219Volcaropod
40%
211Qwilfish
40%
210Granbull
40%
206Insolourdo
40%
464Rhinastoc
40%
481Crefollet
40%
170Loupio
40%
103Noadkoko
40%
418Mustebouee
40%
419Musteflott
40%
102Noeunoeuf
40%
209Snubull
20%

Distribution des résultats

Percentile by Number Answered

% des personnes avec chaque résultat

Votre développement - résultats

Vous n’avez pas pris ce quiz